000 00320nam a22001337a 4500
008 180313b xxu||||| |||| 00| 0 eng d
020 _a9780070479098
041 _aeng
080 _a338
100 _a54
101 _aMEN
245 _aHandbook of material& capacity requirements planning
_cOden,H.W
942 _2udc
_cBK
999 _c44924
_d44924